000 00198nam a22000857a 4500
008 160706b xxu||||| |||| 00| 0 eng d
100 _92338
_a Chandra, B
245 _aModern India
260 _aNCERT
_c1971
999 _c2015
_d2015